LEADER 01193nam0 2200361 450 001 000018563 005 20060802110252.0 010 $a2-07-038840-9 100 $a20051027d1991----km-y0itaa50------ba 101 0 $afre 102 $aFR 200 1 $aPassion Simple$fAnnie Ernaux 200 1 $a1 $n0005724 210 $a[Paris]$cGallimard$dc1991 215 $a76 p.$d18 cm 225 2 $aFolio$v2545 410 1$12001$aFolio$v2545 676 $a843.914$v(21. ed.)$9Narrativa francese. 1945-1999 700 1$aErnaux,$bAnnie$0442747 801 0$aIT$bUniversità della Basilicata - B.I.A.$gRICA$2unimarc 912 $a000018563 996 $aPassion Simple$983550 997 $aUNIBAS BAS $aLETTERE CAT $aSTD041$b01$c20051027$lBAS01$h1246 CAT $aSTD041$b01$c20051104$lBAS01$h1125 CAT $aMDL$b30$c20051117$lBAS01$h1852 CAT $aMDL$b00$c20060802$lBAS01$h1102 CAT $aBATCH$b00$c20070503$lBAS01$h1734 CAT $aATR$b40$c20081009$lBAS01$h1024 CAT $aATR$b40$c20100316$lBAS01$h1429 FMT Z30 -1$lBAS01$LBAS01$mBOOK$1BASA1$APolo Storico-Umanistico$2DID$BDidattica$3FP/103573$6103573$5L103573$820051027$f04$FPrestabile Didattica